000 01007nac a22002657a 4500
001 BR7902698
003 BR-BrBNA
005 20240105114428.0
008 230509b bl.|||m| |||| 00| 0 por d
040 _aBR-BrBNA
_bpor
_cBiblioteca Nacional de Agricultura
072 _aL00
090 _a6100 BR7902698
110 1 _aEmpresa Brasileira de Assistencia Tecnica e Extensao Rural, Brasilia, DF (Brasil);
110 1 _aEmpresa Brasileira de Pesquisa Agropecuaria, Brasilia, DF (Brasil)
245 1 _aSistemas de producao para aves de postura. Micro-regiao 10-Manaus [manejo, galinha, Amazonas, Brasil]
260 3 _aManaus, AM (Brasil):
_bEmpresa de Assistencia Tecnica e Extensao Rural do Estado do Amazonas,
_c1978.
300 _a30 p.
490 _aSistemas de Producao. Boletim (Brazil)
_vno. 110
_xISSN 0100-5359
650 _aGALINHA PARA POSTURA
650 _aMANEJO
650 _aMANAUS
650 _aAMAZONAS
909 _a202312
_bLúcia Elande
_c55
_dLúcia Elande
942 _2AGRIS
_n0
_cMS
999 _c269304
_d269304